Währungen Afrikas - Statistiken

Allgemein
  • Dieses Quiz wurde 80 mal gespielt
  • Das Durchschnittsergebnis liegt bei 26 aus 54
Antworten auf der Karte
Die Antworten werden auf der Karte rot bzw. grün angezeigt, abhängig davon wie oft sie richtig erraten wurden.
 
Antwortstatistiken
Land Währung % Korrekt
Ägypten Pfund
81%
Algerien Dinar
73%
Benin Franc
69%
Burkina Faso Franc
69%
Demokratische Republik Kongo Franc
69%
Elfenbeinküste Franc
69%
Äquatorialguinea Franc
62%
Dschibuti Franc
62%
Gabun Franc
62%
Guinea Franc
62%
Guinea-Bissau Franc
62%
Mali Franc
62%
Niger Franc
62%
Kamerun Franc
58%
Burundi Franc
54%
Republik Kongo Franc
54%
Senegal Franc
54%
Marokko Dirham
50%
Liberia Dollar
50%
Komoren Franc
50%
Ruanda Franc
50%
Tschad Franc
50%
Zentralafrikanische Republik Franc
50%
Äthiopien Birr
46%
Namibia Dollar
46%
Togo Franc
46%
Angola Kwanza
46%
Sudan Pfund
46%
Südsudan Pfund
46%
Botswana Pula
46%
Südafrika Rand
46%
Kenia Schilling
46%
Tansania Schilling
46%
Libyen Dinar
42%
Mauritius Rupie
42%
Tunesien Dinar
38%
Kap Verde Escudo
38%
Sambia Kwacha
38%
Nigeria Naira
38%
Eritrea Nakfa
38%
Seychellen Rupie
38%
Uganda Schilling
38%
Madagaskar Ariary
35%
Ghana Cedi
35%
Simbabwe Dollar
35%
Malawi Kwacha
35%
Sierra Leone Leone
35%
Gambia Dalasi
31%
Eswatini Lilangeni
31%
Lesotho Loti
31%
Mauretanien Ouguiya
31%
Somalia Schilling
31%
São Tomé und Príncipe Dobra
27%
Mosambik Metical
27%
Keine übereinstimmenden Quizze gefunden
Verteilung der Resultate
Anzahl Personen mit jedem Resultat
Perzentil nach korrekt beantworteten Fragen
Ihre Resultats-Entwicklung
Sie haben dieses Quiz noch nicht gespielt